[Event "Julian Borowski-A 2nd"]
[Site "Essen"]
[Date "2000.05.01"]
[Round "5"]
[White "Huebner, Robert"]
[Black "Beliavsky, Alexander G"]
[Result "1-0"]
[WhiteElo "2620"]
[BlackElo "2640"]
[Annotator "Donev,I"]
[PlyCount "81"]
[EventDate "2000.04.27"]
[EventType "tourn"]
[EventRounds "9"]
[EventCountry "GER"]
[EventCategory "15"]
[SourceTitle "CBM 077"]
[Source "ChessBase"]
[SourceDate "2000.07.27"]
[SourceVersion "1"]
[SourceVersionDate "2000.07.27"]
[SourceQuality "1"]

1. d4 Nf6 2. c4 e6 3. Nf3 d5 4. Nc3 Be7 5. Bf4 O-O 6. e3 c5 7. dxc5 Bxc5 8. a3
Nc6 9. cxd5 Nxd5 10. Nxd5 exd5 11. Bd3 Bb6 12. O-O Qf6 13. b4 a6 $6 {Beliavsky
spielt diese Variante oft und jetzt versucht er abzuweichen von seiner Partie
gegen Jussupow. Leider, wie der Partieverlauf zeigt, bekommt der Anziehende
nach 13...a6 eine gefährliche Initiative} (13... Bg4 14. h3 Bf5 15. b5 Nd4 16.
Bxf5 Nxf3+ 17. Qxf3 Qxf5 18. Rfd1 Rad8 19. Rac1 d4 20. Bc7 Qxf3 21. gxf3 Rd5
22. Bxb6 axb6 23. Rxd4 Rxb5 24. Rc7 Ra5 25. Rd3 h6 26. e4 Raa8 27. Rxb7 Rfb8
28. Rxb8+ Rxb8 29. Rb3 Ra8 30. Kf1 Kf8 31. Ke2 Ke7 32. f4 g6 33. f3 Ra4 34. Kf2
Kf8 35. Kg3 Kg7 36. Rxb6 Rxa3 37. Rb5 Ra1 38. h4 Rh1 39. h5 g5 40. fxg5 Rxh5
41. Kg4 Rh1 42. gxh6+ Rxh6 43. f4 Ra6 44. Rg5+ Kf8 45. e5 Ra4 46. Rh5 Kg7 47.
Rg5+ Kf8 48. Rf5 Kg7 49. Rf6 Ra5 50. Rd6 Rb5 51. Rd7 Kf8 52. Kg5 Kg7 53. Kf5
Ra5 54. Ke4 Ra1 55. f5 Re1+ 56. Kd5 Rf1 57. f6+ Kg6 58. Kd6 Ra1 59. Rc7 Ra6+
60. Rc6 Ra1 61. Rc8 Ra6+ 62. Kd7 Ra7+ {1/2-1/2 Jussupow,A-Beliavsky,A/Linares
1990/CBM 17 (62)}) 14. Qb1 $1 {[%cal Yb1d3,Yd3h7,Yb2b4,Yb4b5][%mdl 8] Ein sehr
gute neue Idee. Bereitet mit Kraft den Vorstoß b4-b5 vor.} (14. Bg5 Qd6 15. Ra2
h6 16. Bh4 g5 17. Bg3 Qf6 18. Rd2 Rd8 19. Bb1 d4 20. Nxd4 Nxd4 21. exd4 Rxd4
22. Rxd4 Bxd4 23. Qd3 Bg4 24. Qh7+ Kf8 25. Qe4 h5 26. Qxb7 Re8 27. Qc7 Kg7 28.
Qd6 Re6 29. Qd5 h4 30. Bc7 {0-1 Arlandi,E-Van Dongen,P/Cannes 1993/TD (30)})
14... h6 15. b5 $1 Nd4 $2 ({Auch} 15... axb5 16. Qxb5 Qd8 17. Bc2 $16 {nebst
Qd3 war nicht gut für Schwarz.}) (15... Ne7 $142 16. Be5 Qe6 17. Qb2 f6 18. Bd4
$14) 16. exd4 Qxf4 17. bxa6 Qf6 18. Qb4 $1 {Droht nicht nur 19.Bh7+ sondern
auch19. Rb1.} bxa6 {[%tqu "De","Weiß am Zug hat einfache Kombination.","Thema:
Ablenkung!","","d3h7","Ablenkung!",2]} 19. Bh7+ $1 {Ablenkung!} Kxh7 20. Qxf8
$18 {Musterhaft hat GM Hübner zwischen dem 14. und 20. Zug seine Stellung
verstärkt und den positionellen Eröffnungsvorteil in materiellen Vorteil
umgewandelt.} Bb7 21. Qb4 {Der Rest ist nur Technik.} a5 22. Qb5 Rd8 23. Rab1
Rd6 24. Qd3+ g6 25. Rfc1 Kg7 26. h3 Qd8 27. Ne5 Qe8 28. Qe3 Ba6 29. Nc6 Re6 30.
Qc3 Bc7 31. Ne5 Bb6 32. Rxb6 ({Gewinnt auch:} 32. Nc6 Bc7 33. Nxa5 Bf4 34. Re1
$18) 32... Rxb6 33. Qxa5 Rf6 ({Das Endspiel nach:} 33... Qe6 34. Rc7 Rb7 35.
Rxb7 Bxb7 36. Qc7 Ba6 37. a4 $18 {ist dür Schwarz verloren.}) 34. Qxd5 Qe7 35.
Qa5 Qb7 36. Ng4 Rf5 37. Qc3 Rd5 38. Ne3 Rd6 39. d5+ Kh7 40. Qe5 Qd7 41. Ng4 {
Ein sehr wichtige Partie mit theoretischer Bedeutung. Der deutsche Großmeister
zeigt auf musterhafte Weise, wie man kleine Eröffnungsvorteile realisieren
kann!} 1-0

[Event "RUS-ch51"]
[Site "St Petersburg"]
[Date "1998.08.07"]
[Round "11"]
[White "Rustemov, Alexander"]
[Black "Lugovoi, Aleksei"]
[Result "0-1"]
[WhiteElo "2570"]
[BlackElo "2525"]
[Annotator "Donev,I"]
[PlyCount "30"]
[EventDate "1998.07.28"]
[EventType "swiss"]
[EventRounds "11"]
[EventCountry "RUS"]
[SourceTitle "CBM 067"]
[Source "ChessBase"]
[SourceDate "1998.11.30"]
[SourceVersion "2"]
[SourceVersionDate "1998.11.01"]
[SourceQuality "1"]

1. d4 Nf6 2. Nf3 e6 3. c4 d5 4. Nc3 Be7 5. Bf4 O-O 6. e3 c5 7. dxc5 Bxc5 8. a3
Nc6 9. Rc1 d4 10. Nxd4 (10. exd4 Nxd4 11. Ne5 b6 $1 12. Bd3 Bb7 13. O-O h6 14.
Re1 a5 $14) 10... Nxd4 (10... e5 $1 11. Nb3 Bxa3 12. Qxd8 Rxd8 13. bxa3 exf4
14. exf4 Be6 15. f3 b6 (15... Rac8 16. Nc5 Na5 17. Nxe6 fxe6 $11) 16. Kf2 Nd4
17. Nxd4 Rxd4 18. Ke3 Rd7 19. Be2 Re8 20. Kf2 Rc8 21. Rhd1 Rxd1 22. Rxd1 Kf8
23. Rd4 Ke7 24. g4 g6 25. Bd3 Rc5 26. Ke3 Ne8 27. f5 gxf5 28. gxf5 Bxf5 29.
Nd5+ Ke6 30. Bxf5+ Kxf5 31. Rf4+ Kg6 32. Kd4 Kg7 33. Rg4+ {1/2-1/2 Kramnik,
V-Beliavsky,A/Belgrade 1993 (33)}) 11. b4 Bb6 (11... Nc6 12. Qxd8 Rxd8 13. bxc5
e5 14. Bg5 Be6 15. e4 Rd4 16. Be3 Rd7 17. f3 Rc8 18. Nd5 Nd4 19. Bxd4 exd4 20.
Rd1 Rxc5 21. Rxd4 b5 22. Kf2 Kf8 23. cxb5 Nxd5 24. exd5 Rdxd5 25. Rxd5 Rc2+ 26.
Be2 Bxd5 27. Ke3 Ra2 28. Rd1 Rxa3+ 29. Rd3 Rxd3+ 30. Bxd3 h6 31. Kd4 Bb7 32.
Be4 Bc8 {1/2-1/2 Knezevic,M-Szabo/Belgrade 1977 (32)}) (11... Bxb4 12. axb4 Nc6
13. Bd6 Re8 14. Nb5 $16) 12. exd4 (12. c5 Bxc5 13. bxc5 Nc6 14. Qa4 e5 15. Bg5
$14) 12... Bxd4 {Schwarz kann zufrieden mit seiner Eröffnung sein. Seine
Figuren sind gut entwickelt und nach dem offensichtlichen e6-e5 wird der
starke Läufer d4 befestigt und Läufer c8 kommt auch gut ins Spiel.} 13. Bd3 e5
14. Bg5 h6 {[%mdl 8192]} 15. Bh4 $4 {Ein schrecklicher Fehler, der seltene
Gast bei Partien mit solchem Niveau. Jetzt verliert Weiß durch eine kleine
Kombination Material.} (15. Bxf6 $142 Qxf6 16. Qd2 $13 {/\0-0} (16. O-O $2 Bxc3
17. Rxc3 e4 $1 $19 {[%cal Yf6c3,Ye4d3]})) 15... Bxc3+ (15... Bxc3+ {Hinlenkung.
} 16. Rxc3 Qd4 $19 {[%cal Yd4c3,Yd4h4] Doppelangriff.}) 0-1

[Event "ROM-ch"]
[Site "Bucharest"]
[Date "1998.12.14"]
[Round "7"]
[White "Navrotescu, Catalin"]
[Black "Negulescu, Adrian"]
[Result "1/2-1/2"]
[WhiteElo "2440"]
[BlackElo "2465"]
[Annotator "Donev,I"]
[PlyCount "110"]
[EventDate "1998.12.08"]
[EventType "tourn"]
[EventRounds "15"]
[EventCountry "ROU"]
[EventCategory "9"]
[SourceTitle "CBM 069"]
[Source "ChessBase"]
[SourceDate "1999.04.01"]
[SourceVersion "1"]
[SourceVersionDate "1999.04.01"]
[SourceQuality "1"]

1. d4 d5 2. c4 e6 3. Nc3 Nf6 4. Nf3 Be7 5. Bf4 a6 6. e3 O-O 7. Qc2 {Ein feiner
Eröffnungszug der dem Anziehenden viele Optionen offenläßt. Einerseits wartet
Weiß mit der Entwicklung seines weißfarbigen Läufers ab, um nach dxc4 kein
Tempo zu verlieren. Andererseits steht die Dame auf c2 gut, von wo sie Druck
auf die c-Linie ausübt und gleichzeitig räumt sie die erste Reihe für die
Türme.} dxc4 8. Bxc4 b5 {Mit diesem Zug entscheidet sich Schwarz dafür, den
schlechten Damenläufer zu fianchettieren. Diese Entscheidung hat aber auch
negative Seiten: Der Bauer auf c7 bleibt rückständig und das Feld c5 schwach.
In einer solchen Bauernstruktur muß der Nachziehende sich in einem günstigen
Moment von seinem rückständigen Bauern c7 mittels des typischen Vorstoßes c5
befreien.} (8... c5 $5 9. dxc5 Bxc5 $14) 9. Bd3 Bb7 10. O-O h6 (10... Nbd7 11.
Rfd1 Rc8 12. Ne5 Qe8 13. Ne4 Nd5 14. Nxd7 Nb4 15. Ndf6+ gxf6 16. Qe2 Nxd3 17.
Qxd3 Kh8 18. Rac1 Rg8 19. Bg3 Bd5 20. f3 c6 21. Nc5 Bc4 22. Qc3 h5 23. b3 Be2
24. Rd2 Bxf3 25. gxf3 h4 26. Rg2 hxg3 27. hxg3 Rg6 28. Rh2+ Kg7 29. Kf2 Bd6 30.
f4 Qe7 31. Rch1 Rg8 32. Nxa6 Qd7 33. Nc5 Qa7 34. Nxe6+ {1-0 Kortschnoj,V-Short,
N/Monaco 1993/CBM 34 ext (34)}) 11. a4 c6 (11... b4 12. Ne4 $16 {[%cal Yf4c7,
Yc2c7,Ye4c5]}) 12. e4 $14 {Weiß muß zufrieden mit der Eröffnung sein. Seine
Figuren sind besser entwickelt und zusätzlich hat er auch ein ideales
Bauernzentrum.} b4 13. Na2 (13. Ne2 {/\Nc1-Nb3}) 13... Nbd7 14. Qe2 c5 {
Es scheint, als ob die schwarzen Schwierigkeiten vorbei sind.} 15. e5 $1 Nh5 (
15... Bxf3 $2 16. Qxf3 Nd5 17. Qe4 $16) (15... Ne8 $5 16. Rfd1 Qa5 $14) (15...
Nd5 $2 16. Qe4 f5 17. exf6 N7xf6 (17... Rxf6 18. Qh7+ $16) 18. Qxe6+ $16) 16.
Bd2 cxd4 (16... Nb6) 17. Be4 Bxe4 {Dieser Abtausch bringt die weiße Dame in
eine ausgezeichnete Stellung. Bald wird Sie starke Drohungen am Königsflügel
aufstellen. Vielleicht sollte der Nachziehende 17.Qb8 versuchen.} 18. Qxe4 Nc5
19. Qg4 $1 $16 g6 20. Nxb4 (20. Bxh6 Re8 21. Nxb4) 20... Nb3 21. Nc6 Qd7 22.
Nxe7+ Qxe7 23. Bxh6 Nxa1 24. Bxf8 Rxf8 25. Rxa1 Rd8 26. Rd1 Qc5 27. g3 (27. Qg5
) 27... d3 28. Qe4 d2 29. Kg2 Qc1 30. Qe2 Qxb2 31. Rxd2 Rxd2 32. Qxd2 Qb7 33.
g4 $6 (33. Qd3 $16) 33... Qe4 $1 34. gxh5 Qg4+ 35. Kf1 Qxf3 36. hxg6 Qh1+ 37.
Ke2 Qe4+ 38. Qe3 Qxa4 39. gxf7+ Kxf7 40. Qf3+ Ke8 41. Qh5+ Kd8 42. Qg5+ Kd7 43.
Qd2+ Ke8 44. Qd3 Qf4 45. Qc3 (45. Qxa6 Qxe5+ 46. Kf1 Qxh2 47. Qxe6+ Kf8 $11 {
Führt mit Zugumstellung zur Partievariante.}) 45... Qe4+ 46. Qe3 Qc4+ 47. Qd3
Qf4 48. Qxa6 Qxe5+ 49. Kf1 Qxh2 50. Qxe6+ {Das Damenendspiel ist theoretisch
Remis.} Kf8 51. Ke2 Qh5+ 52. Ke3 Qc5+ 53. Kf3 Kg7 54. Kg3 Qg5+ 55. Qg4 Kf6
1/2-1/2

[Event "FIDE-Wch k.o."]
[Site "Las Vegas"]
[Date "1999.08.06"]
[Round "3.1"]
[White "Krasenkow, Michal"]
[Black "Zvjaginsev, Vadim"]
[Result "0-1"]
[WhiteElo "2647"]
[BlackElo "2652"]
[Annotator "Donev,I"]
[PlyCount "92"]
[EventDate "1999.07.31"]
[EventType "k.o."]
[EventRounds "7"]
[EventCountry "USA"]
[SourceTitle "CBM 072"]
[Source "ChessBase"]
[SourceDate "1999.10.01"]
[SourceVersion "1"]
[SourceVersionDate "1999.10.01"]
[SourceQuality "1"]

1. d4 {Kortschnoj} Nf6 2. c4 e6 3. Nf3 d5 4. Nc3 Be7 5. Bf4 O-O 6. e3 Nbd7 {
Kortschnoj: 'Deviating from the main lines, beginning with 6...c5'} 7. a3 ({
After} 7. cxd5 {Kortschnoj} Nxd5 8. Nxd5 exd5 9. Bd3 Bb4+ {white has"next to
nothing".}) ({But} 7. Bd3 {Kortschnoj} c5 8. cxd5 {is something to talk about..
.}) 7... c5 8. dxc5 {'?!' Kortschnoj.} (8. cxd5 $11 {Kortschnoj}) 8... Nxc5 9.
cxd5 ({Or} 9. Be2 {Kortschnoj} Nfe4 {and black has a "convenient equilibrium".}
) 9... Nxd5 10. Nxd5 Qxd5 {'!' Kortschnoj. Kortschnoj: 'Unexpected and strong!'
} 11. Qxd5 (11. Be2 $1 {Kortschnoj was more subtle.}) 11... exd5 {[%mdl 16] '-/
+' Kortschnoj. Es sind nur 11 Züge vorbei, aber die Stellung hat sich schon
charakterisiert - Isolierter Damenbauer mit abgetauschten Damen. Weiß kann
Zufrieden von seiner Stellung sein. Sein Springer kontrolliert den starken
Zentralpunkt d4 und alle weissen Figuren können leicht entwickelt werden. Mit
jedem Abtausch nähert sich die Partie dem Endspiel zu, dies wiederum
ermöglicht es dem Anziehenden die Schwäche des Isolani auszunützen.} 12. Be5 {
Kortschnoj: 'It is hard to believe, that white's position is lost, but black
enjoys a big lead in development. White could castle long because of Bf5 and
disliked 12.Nd4 in regard to 12...Bf6. The best move, I think, was 12.Be2
where white could, after all, complete his development. ' Hier steht der weiße
Läufer noch besser - einerseits vermeidet er Lf6 andererseits kontrolliert er
selber das Schlüsselfeld d4 und deckt den eigenen schwachen Bauer b2.} (12. Rd1
Be6 (12... Rd8 $6 13. Bc7 Rd7 14. Be5 Rd8 $14)) 12... Bf5 13. Rd1 Rac8 {
'!' Kortschnoj.} 14. Nd4 (14. Rxd5 Be6 15. Rd1 (15. Rd4 Nd7 $1) 15... Bb3 16.
Ra1 Rfd8 $44 {Kortschnoj: 'Well,it is better not to get passive positions,
like this one, but if it nonetheless happens - to grab a material is the only
consolation...'} (16... Bc2 {Kortschnoj Well,it is better not to get passive
positions, like this one, but if it nonetheless happens - to grab a material
is the only consolation...})) 14... Bg6 15. Be2 f6 16. Bg3 Na4 17. b3 (17. Ne6
Rfe8 18. Bb5 Nxb2 19. Bxe8 Bxe8 20. Ra1 $13) 17... Nc3 (17... Nb2 18. Ra1 Bxa3
19. Rxa3 (19. O-O $14) 19... Rc1+ 20. Kd2 Rxh1 21. Rxa7 $14 (21. Ra2 $6 Rb1 22.
Bd6 Rc8 23. Ba3 {Der schwarze Springer ist gefangen.} Nc4+ 24. bxc4 dxc4 {
Mit sehr gefährlicher Initiative des Nachziehenden am Damenflügel.})) 18. Ra1
Bc5 {'!' Kortschnoj.} (18... Nxe2 $5 19. Kxe2 (19. Nxe2 Rfe8 $1 20. b4 a5 21.
bxa5 Bd8 $15) 19... Rc3 20. Rhd1 Rfc8 $15 {Die Beherrschung der einzig offenen
Linie und des Läuferpaares, sind mehr als genug Kompensation für den schwachen
Isolani auf d5.}) 19. Ne6 Rfe8 20. Nxc5 Rxc5 21. Rc1 $2 {Dieser auf den ersten
Blick logische Zug (fesselt den Springer) ist nicht gut. Besser wäre:} (21. b4
$5 Rc6 22. Bg4 {[%cal Yg4d7]} (22. Bf3 Be4 23. O-O Bxf3 24. gxf3 d4 $15) 22...
Rc4 23. Bf3 Be4 $15) {[%tqu "De","Wie setzen Sie die schwarze Initiative
fort?","","","d5d4","Richtig! Eine von der Pläne mit Isolani ist der
Bauernvorstoß im Zentrum.Weiß hat keine Zeit gefunden zu rochieren und jetzt
muss seine König unter Beschuß die schwarze Figuren im Zentrum leiden.",5]}
21... d4 $1 {Richtig! Einer von den Plänen mit Isolani ist der Bauernvorstoß
im Zentrum. Weiß hat keine Zeit gefunden zu rouchieren dadurch muss jetzt sein
König im Zentrum unter Beschuß von schwarzen Figuren leiden.} 22. Bd6 (22. exd4
$2 Rxe2+ 23. Kf1 Bd3 $1 $19) 22... Rcc8 23. Bb4 $2 $17 {Nach diesem Fehler
verliert Weiß einen Bauer am Damenflügel. Trotz ungleichfarbiger Läufer könnte
er seine Stellung nicht mehr retten.} (23. Bf4 Nxe2 24. Kxe2 Rc2+ 25. Rxc2 d3+
26. Kd1 dxc2+ 27. Kc1 Rd8 28. Re1 Rd3 $17) (23. Bg4 f5 24. Bf3 Ne4 {[%cal
Ye4d6,Yc8c1]} 25. Rxc8 Rxc8 26. Bxe4 Rc1+ 27. Kd2 Rxh1 28. Bxb7 $15) 23... Nxe2
24. Kxe2 {Kortschnoj: 'Throughout many moves white has defended the best
possible way, but here he had to exchange a pair of rooks. He would lose a
pawn anyway, but still had some drawing chances.'} Bc2 {[%csl Rb3] '!'
Kortschnoj.} 25. Rhe1 dxe3 26. fxe3 Bxb3 27. Bc5 Bd5 {[%cal Yc5a7,Yd5g2]} 28.
Bxa7 Bxg2 {[%mdl 4096] Jetzt kann Schwarz noch zufriedener sein. Außer der
Bauernmehrheit hat er die viel bessere Bauernstruktur. Den Abtausch des Bauern
a7 für g2 kann nur für Schwarz vorteilhaft sein, weil jetzt der richtige Plan
auf der Hand liegt: a) Ein Turm zu tauschen b) Die Bauern am Königsflügel in
Bewegung zu setzen. Es ist musterhaft wie der GM Zwjaginzev seinen
Endspielvorteil realisiert.} 29. Bd4 Bc6 30. Rg1 {/\Bf6} Kf7 31. Rg3 Be4 (31...
Bf3+ 32. Kd2 Rxc1 33. Kxc1 Be4 {Führt zur Hauptvariante der Partie.}) 32. Rgg1
Bc6 {Der Nachziehende wiederholt die Stellung um vermutlich Zeit zu gewinnen..}
33. Rg3 Bf3+ $1 {[%cal Yf3e2,Yc8c1]} 34. Kd2 Rxc1 35. Kxc1 Bc6 36. Rg4 {
Um zu gewinnen muss der Nachziehende seine Bauernmehrheit am Königsflügel in
Bewegung setzen.} g5 {Kortschnoj: 'White position is bad. Black will soon
create a passed bpawn on the king side. White has no counterplay and he will
never be able to change rooks.'} 37. Rg1 Kg6 38. Rf1 Re6 39. Kd2 h5 40. Ke1 Be4
41. Rf2 h4 42. Rb2 Rc6 43. Ba7 g4 $1 {Jetzt stehen die schwarzen Bauern
optimal. Der Läufer auf e4 kontrolliert einerseits zwei große Diagonalen und
andererseits blockiert er den Bauer e3, dadurch wird der weiße Läufer vom Feld
g1 abgeschnitten. Der Vorstoss g3 -g4 hängt in der Luft.} 44. Rb4 ({Auf
lehrreiche Weise gewinnt Schwarz falls der weiße Turm den Bauern auf b7 nimmt:
} 44. Rxb7 Rc1+ 45. Kd2 Rc2+ 46. Kd1 Bxb7 47. Kxc2 Be4+ 48. Kd2 g3 49. hxg3 h3
$19) 44... Bf3 45. Kd2 {Kortschnoj: 'Desperately looking for counterplay,
white loses the second pawn.'} Rd6+ 46. Kc2 Ra6 {[%cal Ya6a7,Ya6a3]} 0-1

[Event "Dortmund SuperGM 26th"]
[Site "Dortmund"]
[Date "1998.07.04"]
[Round "8"]
[White "Beliavsky, Alexander G"]
[Black "Jussupow, Artur"]
[Result "0-1"]
[WhiteElo "2690"]
[BlackElo "2630"]
[Annotator "Donev,I"]
[PlyCount "90"]
[EventDate "1998.06.26"]
[EventType "tourn"]
[EventRounds "9"]
[EventCountry "GER"]
[EventCategory "18"]
[SourceTitle "CBM 066"]
[Source "ChessBase"]
[SourceDate "1998.09.30"]
[SourceVersion "1"]
[SourceVersionDate "1998.09.30"]
[SourceQuality "1"]

1. Nf3 d5 2. d4 Nf6 3. c4 e6 4. Nc3 Be7 5. Bf4 O-O 6. e3 c5 7. dxc5 Bxc5 8. Qc2
Nc6 9. a3 Qa5 10. O-O-O Be7 11. g4 dxc4 12. Bxc4 e5 13. g5 exf4 14. gxf6 Bxf6
15. Nd5 Ne7 16. Nxf6+ gxf6 17. Rhg1+ (17. Nd4 Qe5 18. Rhg1+ Kh8 19. exf4 Qxf4+
20. Kb1 Rd8 $15) 17... Kh8 18. Qe4 Ng6 19. Qd4 Qb6 20. Qxb6 axb6 21. Rd6 Bh3
22. Bd5 (22. Kb1 Bf5+ 23. Ka1 Be4 24. Nd2 Bc6 $13) (22. Rxb6 $6 Rfc8 23. b3 (
23. Nd2 fxe3 24. fxe3 Be6 25. b3 Rxa3 $15) 23... Rxa3 24. Kb2 $15) 22... fxe3
$146 (22... Rac8+ 23. Kb1 Rcd8 24. Rxd8 Rxd8 25. Bxb7 Bf5+ 26. Ka1 fxe3 27.
fxe3 Rd3 28. Nd4 Bd7 29. Re1 f5 30. Ba6 Rd2 31. Nf3 Rf2 32. Rf1 {Vera,
R-Lputian,S/Luzern WchT (CUB-ARM) 1993/[Ftacnik]/1-0 (51)}) 23. fxe3 Rac8+ 24.
Kb1 Rcd8 25. Rxd8 Rxd8 26. Bxf7 Bf5+ 27. Ka2 Be4 28. Nd4 Ne5 29. Be6 Re8 30.
Bb3 Nc6 31. Nb5 Bg6 32. Re1 Na5 33. Bd5 Re5 34. Nc3 f5 35. b4 Nc6 36. Kb2 (36.
Re2 Rxd5 37. Nxd5 Bf7 {[%cal Yf7a2] Der Springer ist toedlich gefesselt.} 38.
Rd2 Ne7 $19) 36... f4 $1 37. e4 Rh5 38. Bxc6 $2 {In Zeitnotphase macht der
Anziehende schwere strategische Fehler. Einerseits tauscht er seinen starken
Läufer fuer den gegnerischen Springer, andererseits verbessert er die
gegnerische Bauernstruktur am Damenfluegel.} (38. Re2 $142 Ne5 39. Kb3 Ng4 40.
Rg2 Nxh2 41. Rf2 f3 42. Bxb7 Rh3 43. Bc8 $1 $14 {Vermeidet Ng4.}) 38... Rxh2+
39. Kb3 bxc6 $19 {Es ist offensichtlich, dass die schwarzen Figuren viel
aktiver als die Weissen sind. Ausserdem ist der f-Freibauer viel gefährlicher
als der weisse e-Bauer.} 40. Kc4 Bf7+ 41. Kd3 Rh3+ 42. Kd2 (42. Kd4 $4 c5+ 43.
bxc5 bxc5+ $19 {und der Springer ist verloren.}) 42... Bc4 43. Na4 Rd3+ 44. Kc2
Rxa3 45. Nxb6 Bb5 {[%csl Rb6] der f- Freibauer entscheidet das Spiel.} 0-1